000 00755nam a2200181Ia 4500
005 20251215152029.0
008 250219s9999||||xx |||||||||||||| ||und||
100 _aشريط، عادل
245 0 _aإيجاد معايير إختبارات الثقة في الذات للاعبي كرة القدم
260 _aالجزائر
_c2017
300 _a300 و.
_c30 سم.
502 _aدكتوراه
502 _cمعهد التربية البدنية و الرياضية، جامعة الجزائر 3
700 _aقصري, نصر الدين
710 _aمعهد التربية البدنية و الرياضية، جامعة الجزائر 3
856 _u https://dspace.univ-alger3.dz/jspui/handle/123456789/3286
942 _cأطروحات
999 _c14421
_d14421